Some central problems in Hume's philosophy (Record no. 85435)

MARC details
000 -LEADER
fixed length control field 00364nam a2200133 4500
082 ## - DEWEY DECIMAL CLASSIFICATION NUMBER
Classification number DS
Item number 192 HUM/DAN
100 ## - MAIN ENTRY--PERSONAL NAME
Personal name Daniel, S.C.
245 ## - TITLE STATEMENT
Title Some central problems in Hume's philosophy
250 ## - EDITION STATEMENT
Edition statement NEHU
260 ## - PUBLICATION, DISTRIBUTION, ETC.
Place of publication, distribution, etc. Shillong
Name of publisher, distributor, etc. NEHU, Dept. of Philosophy
Date of publication, distribution, etc. 1980
300 ## - PHYSICAL DESCRIPTION
Extent 305p., 28cm.
650 ## - SUBJECT ADDED ENTRY--TOPICAL TERM
Topical term or geographic name entry element Philosphers, Western-Biography
710 ## - ADDED ENTRY--CORPORATE NAME
Corporate name or jurisdiction name as entry element Prof. Mrinal Miri
Holdings
Withdrawn status Lost status Damaged status Not for loan Collection code Home library Current library Date acquired Total Checkouts Full call number Barcode Date last seen Price effective from Koha item type Copy number
        UNIV. PUB. & THESIS North Eastern Hill University North Eastern Hill University 25/11/2011   DS 192 HUM/DAN 101728 25/11/2011 25/11/2011 Thesis  
        UNIV. PUB. & THESIS North Eastern Hill University North Eastern Hill University 25/11/2011   DS 192 HUM/DAN 101727 25/11/2011 25/11/2011 Thesis ;1
        UNIV. PUB. & THESIS North Eastern Hill University North Eastern Hill University 25/11/2011   DS 192 HUM/DAN 101332 25/11/2011 25/11/2011 Thesis ;2
        UNIV. PUB. & THESIS North Eastern Hill University North Eastern Hill University 25/11/2011   DS 192 HUM/DAN 102573 25/11/2011 25/11/2011 Thesis ;3
        UNIV. PUB. & THESIS North Eastern Hill University North Eastern Hill University 25/11/2011   DS 192 HUM/DAN 103518 25/11/2011 25/11/2011 Thesis